000 00584nam a2200169Ia 4500
008 090201s9999 xx 000 0 und d
010 _aKPL-64691
040 _bमराठी
041 _aमराठी
082 _a23911
_b64691
100 _aनरेंद्र दाभोळकर
245 _aऐसे कैसे झाले भोंदू
_cनरेंद्र दाभोळकर
260 _c2004
_bछाया प्रकाशन
300 _a264
_bमोठा
600 _aऐसे कैसे झाले भोंदू
942 _cBOOK
999 _c223326
_d223326